[Event "Tainan CTCA op"]
[Site "Tainan"]
[Date "2023.08.14"]
[Round "2"]
[White "Lu, Jia En"]
[Black "Guo, Bo Kai Owen"]
[Result "0-1"]
[WhiteElo "1554"]
[BlackElo "1185"]
[PlyCount "57"]
[EventDate "2023.08.14"]
[EventType "swiss"]
[EventRounds "9"]
[EventCountry "TPE"]
[SourceTitle "EXT 2024"]
[Source "ChessBase"]
[SourceDate "2023.10.10"]
[SourceVersion "1"]
[SourceVersionDate "2023.10.10"]
[SourceQuality "1"]

1. e4 e5 2. Nf3 Nc6 3. d4 exd4 4. Bc4 Nf6 5. Ng5 Ne5 6. Bb3 h6 7. f4 hxg5 8. fxe5 Ng8 9. Bxf7+ Kxf7 10. 0-0+ Kg6 11. Nd2 d6 12. Nf3 Be7 13. exd6 cxd6 14. Qd3 Nh6 15. Nxd4 Kh7 16. e5+ g6 17. e6 Bf6 18. Be3 Qe7 19. Rxf6 Qxf6 20. Rf1 Qe7 21. Nf3 Nf5 22. Nxg5+ Kg8 23. Rxf5 gxf5 24. Qxf5 Rh6 25. Qg4 Rg6 26. Qh5 Rxg5 27. Bxg5 Qxe6 28. h4 Bd7 29. Bh6 0-1